Drawings that count : (Record no. 354160)
[ view plain ]
| 000 -LEADER | |
|---|---|
| fixed length control field | 01136cam a2200349 i 4500 |
| 001 - CONTROL NUMBER | |
| control field | 10489449 |
| 003 - CONTROL NUMBER IDENTIFIER | |
| control field | OSt |
| 005 - DATE AND TIME OF LATEST TRANSACTION | |
| control field | 20180116192432.0 |
| 008 - FIXED-LENGTH DATA ELEMENTS--GENERAL INFORMATION | |
| fixed length control field | 130510t20132013enka 000 0 eng d |
| 020 ## - INTERNATIONAL STANDARD BOOK NUMBER | |
| International Standard Book Number | 9781907896262 (paperback) |
| 020 ## - INTERNATIONAL STANDARD BOOK NUMBER | |
| International Standard Book Number | 1907896260 (paperback) |
| 024 ## - OTHER STANDARD IDENTIFIER | |
| Standard number or code | 99955239380 |
| 035 ## - SYSTEM CONTROL NUMBER | |
| System control number | (OCoLC)ocn847541709 |
| 035 ## - SYSTEM CONTROL NUMBER | |
| System control number | (OCoLC)847541709 |
| 035 ## - SYSTEM CONTROL NUMBER | |
| System control number | (NNC)10489449 |
| 040 ## - CATALOGING SOURCE | |
| Original cataloging agency | UKMGB |
| Language of cataloging | eng |
| Description conventions | rda |
| Transcribing agency | UKMGB |
| Modifying agency | OCLCO |
| -- | EYM |
| -- | NhCcYBP |
| 050 #4 - LIBRARY OF CONGRESS CALL NUMBER | |
| Classification number | NA2705 |
| Item number | .D73 2013 |
| 082 04 - DEWEY DECIMAL CLASSIFICATION NUMBER | |
| Classification number | 720.284 |
| Edition number | 23 |
| 245 00 - TITLE STATEMENT | |
| Title | Drawings that count : |
| Remainder of title | the work of Diploma 15 / |
| Statement of responsibility, etc. | [edited by Francesca Hughes]. |
| 260 ## - PUBLICATION, DISTRIBUTION, ETC. | |
| Name of publisher, distributor, etc. | AA Publisher, |
| Date of publication, distribution, etc. | 2013. |
| 300 ## - PHYSICAL DESCRIPTION | |
| Extent | 192 pages : |
| Other physical details | illustrations (black and white, and colour) ; |
| Dimensions | 25 cm. |
| 490 1# - SERIES STATEMENT | |
| Series statement | AA agendas ; |
| Volume/sequential designation | 12 |
| 650 #0 - SUBJECT ADDED ENTRY--TOPICAL TERM | |
| Topical term or geographic name entry element | Architectural drawing. |
| 9 (RLIN) | 8474 |
| 650 #0 - SUBJECT ADDED ENTRY--TOPICAL TERM | |
| Topical term or geographic name entry element | Architectural design. |
| 9 (RLIN) | 8475 |
| 650 #0 - SUBJECT ADDED ENTRY--TOPICAL TERM | |
| Topical term or geographic name entry element | Context effects (Psychology) |
| 9 (RLIN) | 8476 |
| 700 1# - ADDED ENTRY--PERSONAL NAME | |
| Personal name | Hughes, Francesca, |
| Relator term | editor. |
| 9 (RLIN) | 8477 |
| 710 2# - ADDED ENTRY--CORPORATE NAME | |
| Corporate name or jurisdiction name as entry element | Architectural Association (Great Britain) |
| 9 (RLIN) | 8478 |
| 830 #0 - SERIES ADDED ENTRY--UNIFORM TITLE | |
| Uniform title | AA agendas ; |
| Volume/sequential designation | no. 12. |
| 9 (RLIN) | 8479 |
| 942 ## - ADDED ENTRY ELEMENTS (KOHA) | |
| Source of classification or shelving scheme | |
| Koha item type | Book |
| 948 1# - LOCAL PROCESSING INFORMATION (OCLC); SERIES PART DESIGNATOR (RLIN) | |
| Series part designator, SPT (RLIN) | 20140326 |
| b (OCLC) | c |
| c (OCLC) | tp2276 |
| d (OCLC) | MPS |
| Withdrawn status | Lost status | Source of classification or shelving scheme | Damaged status | Not for loan | Permanent Location | Current Location | Date acquired | Total Checkouts | Full call number | Barcode | Date last seen | Cost, replacement price | Price effective from | Koha item type |
|---|---|---|---|---|---|---|---|---|---|---|---|---|---|---|
| School of Art Design and Architecture (SADA) | School of Art Design and Architecture (SADA) | 04/04/2016 | 720.284 DRA 2013. | SADA0002538 | 04/14/2016 | 2999.52 | 04/08/2016 | Book |
